| 000 | 01419 a2200397 4500 | ||
|---|---|---|---|
| 003 | Nust | ||
| 005 | 20260407155532.0 | ||
| 020 | _az | ||
| 040 | _cNust | ||
| 082 | 0 | 4 | _a973.932,WOO |
| 100 | 1 |
_aWoodward, Bob, _937767 |
|
| 245 | 1 | 0 |
_aObama's wars / _cBob Woodward |
| 260 |
_aRawalpindi _bServices Book Club _c2010 |
||
| 300 | _axviii, 441 p. | ||
| 505 | _aChapter 1-33 (Page -1), Glossary (Page-381), President Obam's Final Orders, November 29,2009 (Page-385), Chapter Notes (Page-391), Acknowledgments (Page-417), Photography Credits (Page-421), Index (page-423) | ||
| 600 | 1 | 4 |
_aObama, Barack, _d1961- _9108937 |
| 650 | 4 | _aAfghan War, 2001- | |
| 650 | 4 |
_aDefence policy _9108938 |
|
| 650 | 4 |
_aF?arspolitik _9108939 |
|
| 650 | 4 |
_aKriget i Afghanistan 2001- _9108940 |
|
| 650 | 4 |
_aMilitary leadership _9108941 |
|
| 650 | 4 |
_aMilitary relations _916717 |
|
| 650 | 4 |
_aMilit䲡 f?ndelser _9108942 |
|
| 650 | 4 |
_aMilit䲴 ledarskap _9108943 |
|
| 650 | 4 |
_aNational security _912985 |
|
| 650 | 4 | _aPakistan | |
| 650 | 4 |
_aPrevention _9108944 |
|
| 650 | 4 |
_aS䫥rhetspolitik _9108945 |
|
| 650 | 4 | _aTerrorism | |
| 650 | 4 |
_aTerrorismbek䭰ning _9108946 |
|
| 650 | 4 |
_aUSA _9108947 |
|
| 651 | 0 |
_aF?ta staterna _xpolitik och f?ltning _9108948 |
|
| 651 | 0 |
_aUnited States _xMilitary policy _xDecision making. _9106356 |
|
| 651 | 0 |
_aUnited States _xPolitics and government _y2009- _9108949 |
|
| 942 |
_2ddc _cBK _k973.932,WOO |
||
| 999 |
_c190330 _d190330 |
||